000 00313nam a2200121Ia 4500
008 190722s9999 xx 000 0 und d
020 _a978-93-325-50369-0
100 _aRobert J. Gordon
245 0 _aMacroeconomics
260 _aIndia
_bPearson India Edu. Services Pvtt. Ltds.
_c2015
300 _a629
942 _cBK
999 _c566
_d566